Svědectví dokumentů : (katolická církev v materiálech jihočeských archivů let 1949-1976) / Martin Weis
Record details
- ISBN: 978-80-86266-33-6
- Physical Description: 332 s. : il., portréty, faksim. ; 21 cm
- Edition: 1. vyd.
- Publisher: České Budějovice : Jih, 2009
Content descriptions
| General Note: | 200 výt. |
| Bibliography, etc. Note: | Obsahuje bibliografii, bibliografické odkazy a rejstřík |
| Language Note: | Anglické resumé |
Search for related items by subject
| Genre: | monografie dokumenty monographs documents |
Search for related items by series
Available copies
- 2 of 2 copies available at Common Catalog SPOK.
Holds
- 0 current holds with 2 total copies.
Show Only Available Copies
| Location | Call Number / Copy Notes | Barcode | Shelving Location | Status | Due Date |
|---|---|---|---|---|---|
| ETS Library | 282 | 424470011937 | Volný výběr | Available | - |
| Jabok Library | CD-7.2 | 424480024002 | Odborná literatura | Available | - |
| LDR | 03265nam a2200817 a 4500 | ||
|---|---|---|---|
| 001 | 12746 | ||
| 003 | CZ-PrJAB | ||
| 005 | 20190828123443.0 | ||
| 007 | ta | ||
| 008 | 100111s2009 xr ach f 001 0dcze | ||
| 015 | . | ‡acnb002028522 | |
| 020 | . | ‡a978-80-86266-33-6 ‡q(brož.) | |
| 035 | . | ‡a(CZ PrNK)nkc20102028522 | |
| 035 | . | ‡a(OCoLC)614276953 | |
| 040 | . | ‡aABA001 ‡bcze ‡dBOA001 | |
| 041 | 0 | . | ‡acze ‡beng |
| 043 | . | ‡ae-xr--- ‡be-xr-cc ‡2czenas | |
| 045 | . | ‡ax4x7 ‡ay0y0 | |
| 072 | 7. | ‡a27 ‡xKřesťanství. Křesťanská církev všeobecně. Eklesiologie ‡2Konspekt ‡95 | |
| 080 | . | ‡a271.4/273.2 ‡2MRF | |
| 080 | . | ‡a322 ‡2MRF | |
| 080 | . | ‡a2-67 ‡2MRF | |
| 080 | . | ‡a27-674.5 ‡2MRF | |
| 080 | . | ‡a321.74 ‡2MRF | |
| 080 | . | ‡a27-4 ‡2MRF | |
| 080 | . | ‡a930.2 ‡2MRF | |
| 080 | . | ‡a930.253 ‡2MRF | |
| 080 | . | ‡a930:27-9 ‡2MRF | |
| 080 | . | ‡a2-6 ‡2MRF | |
| 080 | . | ‡a(437.31-13) ‡2MRF | |
| 080 | . | ‡a(048.8) ‡2MRF | |
| 080 | . | ‡a(093) ‡2MRF | |
| 082 | 1 | 4. | ‡a282 |
| 100 | 1 | . | ‡aWeis, Martin, ‡d1962- ‡7jo20010084832 ‡4aut |
| 245 | 1 | 0. | ‡aSvědectví dokumentů : ‡b(katolická církev v materiálech jihočeských archivů let 1949-1976) / ‡cMartin Weis |
| 246 | 3 | 0. | ‡aKatolická církev v materiálech jihočeských archivů let 1949-1976 |
| 250 | . | ‡a1. vyd. | |
| 260 | . | ‡aČeské Budějovice : ‡bJih, ‡c2009 | |
| 300 | . | ‡a332 s. : ‡bil., portréty, faksim. ; ‡c21 cm | |
| 490 | 1 | . | ‡aStředoevropské dějiny ; ‡vsv. 2 |
| 500 | . | ‡a200 výt. | |
| 504 | . | ‡aObsahuje bibliografii, bibliografické odkazy a rejstřík | |
| 546 | . | ‡aAnglické resumé | |
| 610 | 2 | 7. | ‡aKatolická církev ‡7kn20010710145 ‡2czenas |
| 648 | 4. | ‡a1949-1976 | |
| 648 | 7. | ‡a21. století ‡7ch460559 ‡2czenas | |
| 650 | 0 | 7. | ‡akatolické církve ‡7ph311258 ‡zČesko ‡y1948-1989 ‡2czenas |
| 650 | 0 | 7. | ‡astát a církev ‡7ph116308 ‡zČesko ‡y1948-1989 ‡2czenas |
| 650 | 0 | 7. | ‡anáboženská perzekuce ‡7ph117342 ‡zČesko ‡y1948-1989 ‡2czenas |
| 650 | 0 | 7. | ‡akomunistický režim ‡7ph114960 ‡zČesko ‡2czenas |
| 650 | 0 | 7. | ‡acírkevní život ‡7ph119306 ‡zČesko ‡y20. století ‡2czenas |
| 650 | 0 | 7. | ‡ahistorické prameny ‡7ph114671 ‡zČesko ‡y1948-1989 ‡2czenas |
| 650 | 0 | 7. | ‡aarchivní fondy ‡7ph118590 ‡zČesko ‡y1948-1989 ‡2czenas |
| 650 | 0 | 7. | ‡acírkevní historiografie ‡7ph187614 ‡zČesko ‡y21. století ‡2czenas |
| 650 | 0 | 9. | ‡aCatholic churches ‡zCzechia ‡y1948-1989 ‡2eczenas |
| 650 | 0 | 9. | ‡achurch and state ‡zCzechia ‡y1948-1989 ‡2eczenas |
| 650 | 0 | 9. | ‡areligious persecution ‡zCzechia ‡y1948-1989 ‡2eczenas |
| 650 | 0 | 9. | ‡acommunist regime ‡zCzechia ‡2eczenas |
| 650 | 0 | 9. | ‡achurch life ‡zCzechia ‡y20th century ‡2eczenas |
| 650 | 0 | 9. | ‡ahistorical sources ‡zCzechia ‡y1948-1989 ‡2eczenas |
| 650 | 0 | 9. | ‡aarchives ‡zCzechia ‡y1948-1989 ‡2eczenas |
| 650 | 0 | 9. | ‡achurch historiography ‡zCzechia ‡y21st century ‡2eczenas |
| 651 | 7. | ‡aČechy jižní (Česko) ‡7ge131648 ‡xnáboženské poměry ‡y1948-1989 ‡2czenas | |
| 651 | 9. | ‡aBohemia, Southern (Czechia) ‡xreligious conditions ‡y1948-1989 ‡2eczenas | |
| 655 | 7. | ‡amonografie ‡7fd132842 ‡2czenas | |
| 655 | 7. | ‡adokumenty ‡7fd132064 ‡2czenas | |
| 655 | 9. | ‡amonographs ‡2eczenas | |
| 655 | 9. | ‡adocuments ‡2eczenas | |
| 830 | 0. | ‡aStředoevropské dějiny | |
| 910 | . | ‡aABG450 | |
| 910 | . | ‡aABG312 | |
| 995 | . | ‡aska | |
| 999 | . | ‡a8906 ‡bAUTOGEN ‡c8906 ‡tbiblio | |
| 901 | . | ‡a12746 ‡bCZ-PrJAB ‡c12746 ‡tbiblio ‡sets | |